| 000 | 00992nam a22002537a 4500 | ||
|---|---|---|---|
| 999 |
_c1847 _d1847 |
||
| 003 | AR-CdUCM | ||
| 008 | 190228b ||||| |||| 00| 0 spa d | ||
| 040 |
_aMUNICIPALIDAD PROVINCIAL DEL CUSCO _cBIBLIOTECA MUNICIPAL DEL CUSCO |
||
| 041 | _hchi | ||
| 082 |
_a101 / _bZ58 |
||
| 100 |
_aMao Zedong _96762 |
||
| 245 |
_aCinco tesis filosóficas de Mao Zedong / _cMao Zedong |
||
| 260 |
_aBejing ; _bEditorial del pueblo Beijing, _c1965. |
||
| 300 |
_a163 páginas ; _c18 cm. |
||
| 440 |
_aEdiciones en leguas extrajeras Beijing, _96763 |
||
| 505 | _aContenido: Sobre la práctica - Sobre la contradicción - Sobre el tratamiento correcto de las contradicciones en el seno del pueblo - Discurso ante la conferencia nacional del Partido Comunista de China sobre el trabajo de propaganda. | ||
| 650 |
_aFilosofía _9395 |
||
| 650 |
_aComunismo _9495 |
||
| 650 |
_aChina _9843 |
||
| 650 |
_aSocialismo _91037 |
||
| 650 |
_aIdeología _91109 |
||
| 942 |
_2ddc _cLIBROS |
||
| 945 |
_admma _d2019-02-28 |
||